000 00197 a2200097 4500
001 4834
100 _aKaiser,H,K
245 _aRockets & space flight
260 _a
_bFaber
_c
090 _c4025
_d4025
942 _aNUST-CAE
_cM
_c30296
999 _c239907
_d239907